Most Common US Last Names Starting With N - Statistics

General Stats
  • This quiz has been taken 378 times
  • The average score is 5 of 11
Answer Stats
# name % Correct
412,236 Nelson
77%
141,936 Nichols
63%
100,491 Newman
61%
65,269 Norman
59%
85,212 Norris
54%
61,805 Norton
51%
72,328 Newton
48%
90,208 Nunez
46%
83,849 Neal
29%
310,125 Nguyen
28%
73,970 Navarro
11%
No matching quizzes found
Score Distribution
Percent of People with Each Score
Percentile by Number Answered
Your Score History
You have not taken this quiz